Použitie jednoduchých metód viacrozmerného porovnávania pri analýze životnej úrovne krajov Slovenskej a Českej republiky
Definovanie životnej úrovne. Prístupy k analyzovaniu životnej úrovne. Výber a redukcia premenných. Konštrukcia syntetickej premennej. Porovnanie krajov Slovenskej republiky s krajmi Českej republiky, a to z hľadiska dosiahnutej životnej úrovne obyvateľstva.
Guardado en:
| Autor principal: | |
|---|---|
| Otros Autores: | |
| Formato: | Capítulo de libro |
| Lenguaje: | eslovaco |
| Materias: | |
| Etiquetas: |
Sin Etiquetas, Sea el primero en etiquetar este registro!
|
MARC
| LEADER | 00000naa$a2200000$$$4500 | ||
|---|---|---|---|
| 001 | 0039828 | ||
| 005 | 20240502071505.8 | ||
| 041 | 0 | |a slo | |
| 044 | |a SK | ||
| 245 | 1 | 0 | |a Použitie jednoduchých metód viacrozmerného porovnávania pri analýze životnej úrovne krajov Slovenskej a Českej republiky |c Viera Labudová, Zuzana Rybánska |
| 520 | |a Definovanie životnej úrovne. Prístupy k analyzovaniu životnej úrovne. Výber a redukcia premenných. Konštrukcia syntetickej premennej. Porovnanie krajov Slovenskej republiky s krajmi Českej republiky, a to z hľadiska dosiahnutej životnej úrovne obyvateľstva. | ||
| 610 | 2 | 0 | |a úroveň životná |
| 610 | 2 | 0 | |a Slovensko |
| 610 | 2 | 0 | |a Česko |
| 610 | 2 | 0 | |a analýzy |
| 610 | 2 | 0 | |a porovnanie štatistické medzinárodné |
| 610 | 2 | 0 | |a kraje |
| 610 | 2 | 0 | |a obyvateľstvo |
| 100 | 1 | |a Labudová, Viera, 1958- | |
| 700 | 1 | |a Rybánska, Zuzana | |